Quick Pick: The World's Largest Islands Quiz Stats

Quiz Updated Sep 6, 2016

Challenge
Share
Tweet
Embed
Score 0/7 Timer 01:00
3 Plays Today
% Correct
Greenland
92.2%
Madagascar
89%
New Guinea
68.6%
Borneo
64.2%
Sumatra
54.5%
Baffin Island
52.5%
Honshu
41.2%

Today's Daily Dose

Missing Word
Ubisoft Games

Word Ladder
Physics Phun

Quick Pick
Me an EGOT II

On This Day
May 27th II

You're not logged in!

Compare scores with friends on all Sporcle quizzes.
Join for Free
OR
Log In

You Might Also Like...

Show Comments

Extras

Top Quizzes Today


Score Distribution

Your Account Isn't Verified!

In order to create a playlist on Sporcle, you need to verify the email address you used during registration. Go to your Sporcle Settings to finish the process.

Report this User

Report this user for behavior that violates our Community Guidelines.

Details: